Statistics for Faries

Click here to take the quiz!

General Stats

  • This quiz has been taken 5 times
  • The average score is 4 of 8

Answer Stats

HintAnswer% Correct
Animal Lover FairyFawn
100%
Tinker FairyTinkerbell
100%
Water FairySilvermist
80%
Light FairyIridessa
20%
Tinkerbell's sister's namePeriwikle
20%
Flower FairyRosetta
20%
Pixi Dust FairyTerence
20%
Wind FairyVidia
20%

Score Distribution

Percentile by Number Answered

Percent of People with Each Score

Your Score History

You have not taken this quiz